[Event "FIDE Disabilities Olym"]
[Site "Belgrade"]
[Date "2023.02.01"]
[Round "?"]
[White "Pribeanu, Mihai Dacian"]
[Black "Larduet Despaigne, Carlos"]
[Result "0-1"]
[WhiteElo "2134"]
[BlackElo "2277"]
[PlyCount "82"]
[EventDate "2023.01.30"]
[EventType "team-swiss"]
[EventRounds "6"]
[EventCountry "SRB"]
[SourceTitle "CBM 212 Extra"]
[Source "ChessBase"]
[SourceDate "2023.03.31"]
[SourceVersion "1"]
[SourceVersionDate "2023.03.31"]
[SourceQuality "1"]
[WhiteTeam "Romania"]
[BlackTeam "Cuba"]
[WhiteTeamCountry "ROU"]
[BlackTeamCountry "CUB"]

1. Nf3 d5 2. g3 Nf6 3. Bg2 c6 4. 0-0 Bf5 5. d3 e6 6. Nbd2 h6 7. c4 Be7 8. b3 0-0 9. Bb2 Nbd7 10. Rc1 a5 11. a3 Bh7 12. Qc2 Bd6 13. Qb1 Qe7 14. Qa1 Rfe8 15. e4 dxe4 16. dxe4 e5 17. Ne1 Rad8 18. f3 Bc5+ 19. Kh1 Be3 20. Rc2 Nc5 21. b4 Bxd2 22. bxc5 Qxc5 23. Bc3 Be3 24. Rb2 b6 25. Nc2 Bd2 26. Bxd2 Rxd2 27. Qc1 Red8 28. Na1 R2d3 29. a4 Bg6 30. Qc2 Qe3 31. Nb3 Rc3 32. Qb1 Rxc4 33. Rd1 Rxd1+ 34. Qxd1 Rb4 35. Rb1 Kh7 36. g4 c5 37. Nd2 Rd4 38. Rb2 c4 39. Qc2 Nd5 40. Nf1 Qf4 41. Qf2 Nb4 0-1

[Event "FIDE Disabilities Olym"]
[Site "Belgrade"]
[Date "2023.01.30"]
[Round "?"]
[White "Ivanovic, Milan"]
[Black "Larduet Despaigne, Carlos"]
[Result "0-1"]
[WhiteElo "1908"]
[BlackElo "2277"]
[PlyCount "54"]
[EventDate "2023.01.30"]
[EventType "team-swiss"]
[EventRounds "6"]
[EventCountry "SRB"]
[SourceTitle "CBM 212 Extra"]
[Source "ChessBase"]
[SourceDate "2023.03.31"]
[SourceVersion "1"]
[SourceVersionDate "2023.03.31"]
[SourceQuality "1"]
[WhiteTeam "Montenegro"]
[BlackTeam "Cuba"]
[WhiteTeamCountry "MNE"]
[BlackTeamCountry "CUB"]

1. d4 d5 2. c4 c6 3. Nc3 Nf6 4. e3 e6 5. Nf3 Nbd7 6. Bd3 dxc4 7. Bxc4 b5 8. Bd3 Bb7 9. 0-0 a6 10. b3 c5 11. Bb2 Be7 12. Rc1 0-0 13. Qe2 Qb6 14. Rfd1 Rac8 15. Ng5 h6 16. Nge4 cxd4 17. exd4 Rfe8 18. Bb1 Nxe4 19. Nxe4 Nf6 20. Rxc8 Rxc8 21. Nxf6+ Bxf6 22. Be4 Bxe4 23. Qxe4 Qc7 24. Qe2 Qc2 25. Kf1 Bg5 26. g3 Qxe2+ 27. Kxe2 Rc6 0-1

[Event "Guillermo Garcia Memorial op 28th"]
[Site "Santa Clara"]
[Date "2019.04.26"]
[Round "4"]
[White "Quiroga Garza, Juan Manuel"]
[Black "Larduet Despaigne, Carlos"]
[Result "1-0"]
[WhiteElo "2099"]
[BlackElo "2284"]
[PlyCount "79"]
[EventDate "2019.04.23"]
[EventType "swiss"]
[EventRounds "9"]
[EventCountry "CUB"]
[SourceTitle "EXT 2020"]
[Source "ChessBase"]
[SourceDate "2019.10.17"]
[SourceVersion "1"]
[SourceVersionDate "2019.10.17"]
[SourceQuality "1"]

1. e4 e6 2. d4 d5 3. Nc3 Bb4 4. e5 c5 5. a3 Bxc3+ 6. bxc3 Ne7 7. Qg4 Qc7 8. Qxg7 Rg8 9. Qxh7 cxd4 10. Ne2 Nbc6 11. f4 dxc3 12. Qd3 d4 13. Nxd4 Nxd4 14. Qxd4 Bd7 15. Rg1 Rh8 16. h3 Nf5 17. Qf2 Qa5 18. Rb1 Bc6 19. Bc4 Rd8 20. g4 Nd4 21. Rg3 Be4 22. Kf1 b6 23. Bd3 Qd5 24. Bxe4 Qxe4 25. Qg2 Qxg2+ 26. Kxg2 Rc8 27. Kf2 Nxc2 28. Rb3 Nd4 29. Rbxc3 Rd8 30. Rgd3 Nb5 31. Rxd8+ Kxd8 32. Rd3+ Kc8 33. Kg3 Nc7 34. h4 Nd5 35. f5 Kd7 36. Bg5 b5 37. Bf6 Rg8 38. h5 Kc6 39. fxe6 fxe6 40. h6 1-0

[Event "CUB-ch Seniors 1st"]
[Site "Granma"]
[Date "2018.11.03"]
[Round "7"]
[White "Ibanez Milian, Dagoberto"]
[Black "Larduet Despaigne, Carlos"]
[Result "0-1"]
[WhiteElo "2237"]
[BlackElo "2257"]
[PlyCount "54"]
[EventDate "2018.10.30"]
[EventType "swiss"]
[EventRounds "9"]
[EventCountry "CUB"]
[SourceTitle "EXT 2021"]
[Source "ChessBase"]
[SourceDate "2020.10.23"]
[SourceVersion "1"]
[SourceVersionDate "2020.10.23"]
[SourceQuality "1"]

1. d4 d5 2. Nf3 Nf6 3. Bf4 c5 4. c3 Qb6 5. Qc1 Nc6 6. e3 Bf5 7. Na3 a6 8. Nc2 e6 9. h3 Rc8 10. dxc5 Bxc5 11. Ncd4 Be4 12. Nxc6 Rxc6 13. Ne5 Rc8 14. Qd2 0-0 15. f3 Bg6 16. g4 Rfd8 17. b4 Bd6 18. Nxg6 hxg6 19. Bxd6 Rxd6 20. Rc1 Rdc6 21. Qd3 Qc7 22. Kd2 e5 23. g5 e4 24. Qd4 Nh5 25. f4 Ng3 26. Rg1 Nf5 27. Qe5 Qb6 0-1

[Event "CUB-ch Seniors 1st"]
[Site "Granma"]
[Date "2018.10.31"]
[Round "2"]
[White "Hedman Senarega, Jose Antonio"]
[Black "Larduet Despaigne, Carlos"]
[Result "1/2-1/2"]
[WhiteElo "2185"]
[BlackElo "2257"]
[PlyCount "56"]
[EventDate "2018.10.30"]
[EventType "swiss"]
[EventRounds "9"]
[EventCountry "CUB"]
[SourceTitle "EXT 2021"]
[Source "ChessBase"]
[SourceDate "2020.10.23"]
[SourceVersion "1"]
[SourceVersionDate "2020.10.23"]
[SourceQuality "1"]

1. d4 d5 2. Nf3 Nf6 3. Bf4 Bf5 4. e3 e6 5. c4 Bxb1 6. Rxb1 Bb4+ 7. Ke2 Bd6 8. g3 dxc4 9. Qa4+ c6 10. Qxc4 Bxf4 11. gxf4 Qd5 12. Qxd5 Nxd5 13. Bg2 Nd7 14. Ne5 a5 15. Rbc1 Ke7 16. a3 Nxe5 17. fxe5 Ra6 18. Be4 h5 19. h4 Rd8 20. Rhg1 g6 21. Rc2 Kf8 22. Rd1 Ne7 23. Kf3 Nf5 24. Bxf5 exf5 25. e4 fxe4+ 26. Kxe4 Ke7 27. f4 Rb6 28. d5 cxd5+ 1/2-1/2

[Event "Santiago de Cuba Province-ch tt"]
[Site "Santiago de Cuba"]
[Date "2018.10.14"]
[Round "8.3"]
[White "Larduet Despaigne, Carlos"]
[Black "Batista Suarez, Jeorling Yahytin"]
[Result "1/2-1/2"]
[WhiteElo "2257"]
[BlackElo "2260"]
[PlyCount "51"]
[EventDate "2018.10.09"]
[EventType "team-tourn"]
[EventRounds "10"]
[EventCountry "CUB"]
[SourceTitle "EXT 2021"]
[Source "ChessBase"]
[SourceDate "2020.10.23"]
[SourceVersion "1"]
[SourceVersionDate "2020.10.23"]
[SourceQuality "1"]

1. d4 Nf6 2. c4 e6 3. Nf3 d5 4. g3 Be7 5. Bg2 0-0 6. 0-0 Nbd7 7. Nbd2 c5 8. cxd5 Nxd5 9. Nc4 b5 10. Nce5 Bb7 11. a4 b4 12. Nxd7 Qxd7 13. dxc5 Qc7 14. Bg5 Bxc5 15. e4 Nf6 16. Bxf6 gxf6 17. e5 Rad8 18. Qc1 Bxf3 19. exf6 Bxf2+ 20. Kxf2 Qxc1 21. Raxc1 Bxg2 22. Kxg2 Rd2+ 23. Kh3 h5 24. Rc5 Kh7 25. Rxh5+ Kg6 26. Rh4 1/2-1/2

[Event "Santiago de Cuba Province-ch tt"]
[Site "Santiago de Cuba"]
[Date "2018.10.11"]
[Round "4.1"]
[White "Martinez Ramirez, Lennis"]
[Black "Larduet Despaigne, Carlos"]
[Result "1-0"]
[WhiteElo "2405"]
[BlackElo "2257"]
[PlyCount "69"]
[EventDate "2018.10.09"]
[EventType "team-tourn"]
[EventRounds "10"]
[EventCountry "CUB"]
[SourceTitle "EXT 2021"]
[Source "ChessBase"]
[SourceDate "2020.10.23"]
[SourceVersion "1"]
[SourceVersionDate "2020.10.23"]
[SourceQuality "1"]

1. c4 Nf6 2. Nc3 c6 3. e4 e5 4. Nf3 Bb4 5. Nxe5 0-0 6. Nd3 Bxc3 7. dxc3 Nxe4 8. Be2 Re8 9. 0-0 d6 10. Be3 Nd7 11. Nf4 Ndf6 12. Re1 b6 13. Qa4 Bb7 14. Rad1 Qc7 15. Qa3 a6 16. f3 Nc5 17. Bd4 Nfd7 18. Nh5 g6 19. Ng3 b5 20. b4 Ne6 21. Bf2 d5 22. cxd5 cxd5 23. Bf1 Rac8 24. Ne2 Nb6 25. h4 h5 26. Qc1 Na4 27. Rd3 Qd6 28. Nd4 Ng7 29. Rde3 Rxe3 30. Rxe3 Qc7 31. Qe1 Nxc3 32. Re7 Qb8 33. Bg3 Qa7 34. Be5 Qb6 35. Qe3 1-0

[Event "Santiago de Cuba Province-ch tt"]
[Site "Santiago de Cuba"]
[Date "2018.10.09"]
[Round "1.2"]
[White "Cazulo Ramirez, Jesus David"]
[Black "Larduet Despaigne, Carlos"]
[Result "0-1"]
[WhiteElo "2171"]
[BlackElo "2257"]
[PlyCount "154"]
[EventDate "2018.10.09"]
[EventType "team-tourn"]
[EventRounds "10"]
[EventCountry "CUB"]
[SourceTitle "EXT 2021"]
[Source "ChessBase"]
[SourceDate "2020.10.23"]
[SourceVersion "1"]
[SourceVersionDate "2020.10.23"]
[SourceQuality "1"]

1. d4 c5 2. dxc5 Na6 3. Nc3 Nxc5 4. e4 d6 5. Bg5 h6 6. Be3 Bd7 7. e5 Qa5 8. exd6 Nf6 9. Qd4 Ne6 10. Qd2 exd6 11. Ne4 Qxd2+ 12. Nxd2 Ng4 13. Be2 Nxe3 14. fxe3 Be7 15. Ngf3 0-0 16. 0-0 Rfe8 17. Rad1 Rac8 18. c3 Ba4 19. Rde1 Bc6 20. Nb3 g6 21. Nfd4 Kg7 22. Rd1 Nc5 23. Nb5 Bxb5 24. Bxb5 Red8 25. Rd5 a6 26. Be2 Ne4 27. Rfd1 Re8 28. R5d4 Nf6 29. h3 d5 30. R4d3 Bc5 31. Nd4 Bxd4 32. Rxd4 Rxe3 33. Bf3 Rc5 34. Bxd5 Rxd5 35. Rxd5 Nxd5 36. Rxd5 Re2 37. b4 Rxa2 38. Rd7 b5 39. Rd6 h5 40. Rc6 h4 41. c4 Rb2 42. c5 Rxb4 43. Rxa6 Rc4 44. c6 f5 45. Rb6 b4 46. c7 Rxc7 47. Rxb4 g5 48. Rb6 Rf7 49. Kf2 Rf6 50. Rb7+ Kg6 51. Rb8 Ra6 52. Rg8+ Kf6 53. Re8 Ra2+ 54. Kf1 g4 55. hxg4 fxg4 56. Rb8 Kg5 57. Rb4 Rc2 58. Ra4 Rb2 59. Rc4 Rb5 60. Ra4 Kf5 61. Rc4 Re5 62. Kf2 Kg5 63. Ra4 Rf5+ 64. Kg1 Rb5 65. Kf2 Rb2+ 66. Kf1 Rb1+ 67. Kf2 g3+ 68. Kf3 Rf1+ 69. Ke3 h3 70. Ra5+ Kf6 71. Ra6+ Ke7 72. Ra7+ Kd6 73. Ra6+ Kc5 74. Ra5+ Kb6 75. gxh3 g2 76. Rg5 g1Q+ 77. Rxg1 Rxg1 0-1

[Event "Capablanca Memorial op 52nd"]
[Site "Matanzas"]
[Date "2017.05.28"]
[Round "2"]
[White "Coto Mederos, Michel"]
[Black "Larduet Despaigne, Carlos"]
[Result "1-0"]
[WhiteElo "2404"]
[BlackElo "2225"]
[PlyCount "145"]
[EventDate "2017.05.27"]
[EventType "swiss"]
[EventRounds "10"]
[EventCountry "CUB"]
[SourceTitle "EXT 2018"]
[Source "ChessBase"]
[SourceDate "2017.10.13"]
[SourceVersion "1"]
[SourceVersionDate "2017.10.13"]
[SourceQuality "1"]

1. d4 d5 2. c4 c6 3. Nf3 Nf6 4. Qc2 dxc4 5. Qxc4 Bf5 6. g3 e6 7. Bg2 Nbd7 8. e3 Be7 9. 0-0 0-0 10. Rd1 h6 11. Nc3 Rc8 12. Qe2 Ne4 13. Nd2 Nxd2 14. Bxd2 Bc2 15. Re1 Bg6 16. e4 Re8 17. Rad1 Bf8 18. Be3 Qa5 19. d5 Nf6 20. dxe6 fxe6 21. a3 e5 22. Rd2 Bf7 23. h3 b5 24. f4 Qc7 25. Qf2 a5 26. Bb6 Qb8 27. Bxa5 Nh5 28. f5 Nxg3 29. Qxg3 Qa7+ 30. Kh2 Qxa5 31. f6 g6 32. Rd7 Rc7 33. Red1 Qa7 34. R7d3 Qb8 35. Bf3 b4 36. axb4 Qxb4 37. R3d2 Kh7 38. h4 h5 39. Ne2 Bh6 40. Rd7 Qb7 41. Qh3 Rec8 42. Re7 Rxe7 43. fxe7 Rc7 44. Bxh5 Rxe7 45. Bg4 Qxb2 46. h5 Qc2 47. Rd6 Kg7 48. Qh4 Bf4+ 49. Kh3 Qxe4 50. Nxf4 Qxf4 51. Qxe7 gxh5 52. Bxh5 Qf1+ 53. Kg3 Qg1+ 54. Kf3 Qh1+ 55. Ke3 Qxh5 56. Qf6+ Kh7 57. Rxc6 Qh3+ 58. Ke4 Qg2+ 59. Kxe5 Qb2+ 60. Kf5 Qf2+ 61. Ke5 Qb2+ 62. Kf4 Qf2+ 63. Kg4 Qg2+ 64. Kf4 Qf2+ 65. Ke4 Qe2+ 66. Kd4 Qd2+ 67. Kc5 Qe3+ 68. Kd6 Qa3+ 69. Kd7 Qa7+ 70. Rc7 Qa2 71. Ke7 Bg6 72. Kf8+ Kh6 73. Rh7+ 1-0

[Event "Capablanca Memorial op 49th"]
[Site "Havana"]
[Date "2014.05.12"]
[Round "5"]
[White "Esquivel Golcher, Luis Enrique"]
[Black "Larduet Despaigne, Carlos"]
[Result "1-0"]
[WhiteElo "2124"]
[BlackElo "2281"]
[PlyCount "37"]
[EventDate "2014.04.08"]
[EventType "swiss"]
[EventRounds "10"]
[EventCountry "CUB"]
[SourceTitle "CBM 160 Extra"]
[Source "ChessBase"]
[SourceDate "2014.07.01"]
[SourceVersion "1"]
[SourceVersionDate "2014.07.01"]
[SourceQuality "1"]

1. e4 d6 2. d4 Nf6 3. Nc3 g6 4. Bg5 Bg7 5. f4 0-0 6. e5 Nfd7 7. Bc4 Nb6 8. Bb3 c6 9. Nf3 Bg4 10. h3 Bxf3 11. Qxf3 a5 12. a4 Na6 13. h4 d5 14. h5 Qd7 15. hxg6 fxg6 16. g4 Rf7 17. 0-0-0 Nb4 18. Qh3 Bf8 19. Ne4 1-0

[Event "Caracas Onapre Cup 3rd"]
[Site "Caracas"]
[Date "2013.07.07"]
[Round "6"]
[White "Larduet Despaigne, Carlos"]
[Black "Gascon del Nogal, Jose Rafael"]
[Result "0-1"]
[WhiteElo "2351"]
[BlackElo "2252"]
[PlyCount "83"]
[EventDate "2013.07.04"]
[EventType "swiss"]
[EventRounds "7"]
[EventCountry "VEN"]
[SourceTitle "EXT 2018"]
[Source "ChessBase"]
[SourceDate "2017.10.13"]
[SourceVersion "1"]
[SourceVersionDate "2017.10.13"]
[SourceQuality "1"]

1. d4 Nf6 2. Nf3 g6 3. Bg5 Bg7 4. c3 0-0 5. Nbd2 d5 6. e3 b6 7. Bd3 Bb7 8. 0-0 c5 9. Qe2 Nbd7 10. Ba6 Qc8 11. Bxb7 Qxb7 12. h3 Rfe8 13. Bf4 Rac8 14. Rfd1 b5 15. a3 cxd4 16. exd4 a5 17. Qd3 Ne4 18. Re1 Nxd2 19. Bxd2 Qc6 20. Ne5 Nxe5 21. dxe5 Qc4 22. Qf3 e6 23. Qd1 a4 24. Rb1 Re7 25. Bg5 Rd7 26. Qd2 h5 27. Rbd1 Kh7 28. Re3 Qc7 29. f4 Qa7 30. Kh1 Rc4 31. Qe1 d4 32. Red3 Rd5 33. cxd4 Rcxd4 34. Rxd4 Rxd4 35. Rxd4 Qxd4 36. Qe2 Bf8 37. Qxb5 Bc5 38. Qf1 Qxb2 39. Qd1 Qb3 40. Qd2 Qxa3 41. Kh2 Qe3 42. Qd7 0-1

[Event "Caracas Onapre Cup 3rd"]
[Site "Caracas"]
[Date "2013.07.07"]
[Round "7"]
[White "Pinero Salas, Carlos Julio"]
[Black "Larduet Despaigne, Carlos"]
[Result "0-1"]
[WhiteElo "2125"]
[BlackElo "2351"]
[PlyCount "108"]
[EventDate "2013.07.04"]
[EventType "swiss"]
[EventRounds "7"]
[EventCountry "VEN"]
[SourceTitle "EXT 2018"]
[Source "ChessBase"]
[SourceDate "2017.10.13"]
[SourceVersion "1"]
[SourceVersionDate "2017.10.13"]
[SourceQuality "1"]

1. e4 c5 2. Nf3 e6 3. d4 cxd4 4. Nxd4 a6 5. c4 Nf6 6. Nc3 Qc7 7. a3 d6 8. Be2 b6 9. Be3 Bb7 10. f3 Nbd7 11. Qd2 Rc8 12. 0-0 Be7 13. a4 0-0 14. a5 bxa5 15. Nb3 Rb8 16. Nxa5 Ba8 17. Rfd1 Kh8 18. b4 d5 19. c5 Rxb4 20. Nxd5 Nxd5 21. exd5 Bxc5 22. dxe6 fxe6 23. Kh1 Rh4 24. h3 Bxe3 25. Qxe3 Bd5 26. Qg5 Rhf4 27. Rdc1 Qa7 28. Qg3 Qe3 29. Rc7 R4f7 30. Qe1 h6 31. Rc3 Qe5 32. Nc4 Qf4 33. Ne3 Nf6 34. Rxa6 Rb7 35. Ra1 Rb2 36. Rac1 Nh5 37. Nf1 Qg5 38. R3c2 Nf4 39. Qf2 Rbb8 40. Ne3 Rbd8 41. Kh2 Qe5 42. Ng4 Qg5 43. Qe3 h5 44. g3 hxg4 45. gxf4 g3+ 46. Kg2 Qh4 47. Rc7 Rxf4 48. Qe5 Qh6 49. Rc8 Rff8 50. Rxd8 Rxd8 51. Rc7 Qg6 52. Qxg3 Qh6 53. h4 Qf6 54. Qg5 Bxf3+ 0-1

[Event "Caracas Onapre Cup 3rd"]
[Site "Caracas"]
[Date "2013.07.06"]
[Round "4"]
[White "Larduet Despaigne, Carlos"]
[Black "Montes, Rangel"]
[Result "1-0"]
[WhiteElo "2351"]
[BlackElo "1985"]
[PlyCount "57"]
[EventDate "2013.07.04"]
[EventType "swiss"]
[EventRounds "7"]
[EventCountry "VEN"]
[SourceTitle "EXT 2018"]
[Source "ChessBase"]
[SourceDate "2017.10.13"]
[SourceVersion "1"]
[SourceVersionDate "2017.10.13"]
[SourceQuality "1"]

1. e4 d5 2. exd5 Qxd5 3. Nc3 Qd8 4. g3 Nf6 5. Bg2 c6 6. Nge2 e5 7. d3 h6 8. h3 Be6 9. 0-0 Bc5 10. Kh2 0-0 11. f4 exf4 12. Nxf4 Bc8 13. Rb1 a5 14. a3 Na6 15. Nh5 Nh7 16. Bd2 Nc7 17. b4 axb4 18. axb4 Be7 19. b5 Nd5 20. bxc6 bxc6 21. Nxd5 cxd5 22. Bc3 g6 23. Nf4 Be6 24. Nxe6 fxe6 25. Qg4 Ng5 26. h4 h5 27. Qe2 Ra2 28. hxg5 d4 29. Qxe6+ 1-0

[Event "Sabadell op-A 5th"]
[Site "Sabadell"]
[Date "2012.09.07"]
[Round "9"]
[White "Larduet Despaigne, Carlos"]
[Black "Arenas Vanegas, David"]
[Result "1/2-1/2"]
[WhiteElo "2370"]
[BlackElo "2406"]
[PlyCount "78"]
[EventDate "2012.08.30"]
[EventType "swiss"]
[EventRounds "9"]
[EventCountry "ESP"]
[SourceTitle "CBM 150 Extra"]
[Source "ChessBase"]
[SourceDate "2012.10.19"]
[SourceVersion "1"]
[SourceVersionDate "2012.10.19"]
[SourceQuality "1"]

1. d4 Nf6 2. Nf3 g6 3. Bg5 Bg7 4. c3 0-0 5. Nbd2 d6 6. e4 Nbd7 7. Bd3 e5 8. 0-0 h6 9. Bh4 Qe8 10. dxe5 dxe5 11. Re1 Nh5 12. Nb3 Bf6 13. Bg3 Qe7 14. a4 Rd8 15. Qc2 Nf8 16. Bc4 Bg4 17. Nfd2 Nxg3 18. hxg3 h5 19. Nf1 c6 20. Ne3 Be6 21. Rad1 Bg5 22. Bxe6 Nxe6 23. Nc4 Nc5 24. Nxc5 Qxc5 25. Nd2 Bxd2 26. Rxd2 Qa5 27. Red1 Rxd2 28. Rxd2 Rd8 29. b3 Kf8 30. Qd1 Ke7 31. Rd3 Rxd3 32. Qxd3 Qc5 33. b4 Qd6 34. Qc4 Ke8 35. Kh2 Ke7 36. Kg1 Kf8 37. Kh2 Ke8 38. b5 Ke7 39. a5 c5 1/2-1/2

[Event "Sabadell op-A 5th"]
[Site "Sabadell"]
[Date "2012.09.01"]
[Round "3"]
[White "Larduet Despaigne, Carlos"]
[Black "Alarcon Casellas, Rolando"]
[Result "0-1"]
[WhiteElo "2370"]
[BlackElo "2471"]
[PlyCount "39"]
[EventDate "2012.08.30"]
[EventType "swiss"]
[EventRounds "9"]
[EventCountry "ESP"]
[SourceTitle "CBM 150 Extra"]
[Source "ChessBase"]
[SourceDate "2012.10.19"]
[SourceVersion "1"]
[SourceVersionDate "2012.10.19"]
[SourceQuality "1"]

1. c4 Nf6 2. d4 c5 3. d5 e5 4. Nc3 d6 5. e4 Be7 6. Nf3 Nbd7 7. Bg5 0-0 8. Be2 a6 9. a4 Kh8 10. 0-0 Ng8 11. Bxe7 Qxe7 12. Nd2 g6 13. a5 f5 14. f3 f4 15. Qb1 Ngf6 16. Ra3 g5 17. Na4 Rg8 18. b4 cxb4 19. Qxb4 g4 20. fxg4 0-1

[Event "Barcelona Sant Marti op-A 14th"]
[Site "Barcelona"]
[Date "2012.07.19"]
[Round "7"]
[White "Gonzalez Garcia, Jose"]
[Black "Larduet Despaigne, Carlos"]
[Result "1-0"]
[WhiteElo "2518"]
[BlackElo "2370"]
[PlyCount "159"]
[EventDate "2012.07.13"]
[EventType "swiss"]
[EventRounds "9"]
[EventCountry "ESP"]
[SourceTitle "CBM 149 Extra"]
[Source "ChessBase"]
[SourceDate "2012.08.24"]
[SourceVersion "1"]
[SourceVersionDate "2012.08.24"]
[SourceQuality "1"]

1. d4 d5 2. c4 c6 3. Nf3 Nf6 4. e3 g6 5. Nc3 Bg7 6. Be2 0-0 7. 0-0 dxc4 8. Bxc4 Bg4 9. h3 Bxf3 10. Qxf3 Nbd7 11. Rd1 e5 12. d5 Qe7 13. dxc6 e4 14. Nxe4 Ne5 15. Nxf6+ Bxf6 16. Qe4 Nxc4 17. Qxc4 Rac8 18. Bd2 Rxc6 19. Qb4 Qxb4 20. Bxb4 Rfc8 21. Rab1 Rc2 22. Rd7 Bxb2 23. Rxb7 Be5 24. Rb5 Rb2 25. Be1 Rxb5 26. Rxb5 Rc1 27. Rxe5 Rxe1+ 28. Kh2 Re2 29. Ra5 Rxf2 30. Kg3 Rf1 31. Rxa7 Kg7 32. Rb7 g5 33. Rb5 Kg6 34. a4 h5 35. h4 gxh4+ 36. Kxh4 f6 37. Kg3 f5 38. a5 Kf6 39. Rb8 Ra1 40. Ra8 Ra4 41. a6 Kg7 42. a7 Kh7 43. Kh3 Kg7 44. g3 Kh7 45. Kg2 Kg7 46. Kf3 Kh7 47. Ke2 Kg7 48. Kd3 Ra1 49. Kc4 Ra5 50. Kb4 Ra1 51. Kc5 Ra2 52. Kb6 Rb2+ 53. Kc6 Ra2 54. Kd6 Ra3 55. Kd5 Kh7 56. Kd4 Kg7 57. Kc4 Ra5 58. Kc3 Ra6 59. Kd3 Ra1 60. Ke2 Ra3 61. Kf2 Ra1 62. Kf3 Rf1+ 63. Ke2 Ra1 64. Kd2 Ra3 65. Kc2 Ra1 66. Kb3 Ra6 67. Kb4 Ra1 68. Kc5 Ra2 69. Kd6 Ra3 70. Kd5 Kh7 71. Rf8 Rxa7 72. Rxf5 Kg6 73. Rf8 Ra3 74. Ke4 Ra4+ 75. Ke5 Kg7 76. Rf5 Rg4 77. Rxh5 Rxg3 78. Kf4 Rg1 79. Rg5+ Rxg5 80. Kxg5 1-0

[Event "Barcelona Sant Marti op-A 14th"]
[Site "Barcelona"]
[Date "2012.07.18"]
[Round "6"]
[White "Larduet Despaigne, Carlos"]
[Black "Turov, Maxim"]
[Result "1/2-1/2"]
[WhiteElo "2370"]
[BlackElo "2642"]
[PlyCount "50"]
[EventDate "2012.07.13"]
[EventType "swiss"]
[EventRounds "9"]
[EventCountry "ESP"]
[SourceTitle "CBM 149 Extra"]
[Source "ChessBase"]
[SourceDate "2012.08.24"]
[SourceVersion "1"]
[SourceVersionDate "2012.08.24"]
[SourceQuality "1"]

1. e4 c6 2. d4 d5 3. Nc3 dxe4 4. Nxe4 Nf6 5. Nxf6+ gxf6 6. Nf3 Bf5 7. g3 Qd5 8. Be2 Bh3 9. c4 Qe6 10. Nh4 Na6 11. Qb3 0-0-0 12. Be3 Qd7 13. 0-0-0 h5 14. d5 c5 15. Rhe1 Qc7 16. a3 Qb6 17. Qc2 Nc7 18. f4 Ne8 19. Kb1 Qc7 20. Bd3 e6 21. dxe6 fxe6 22. Bd2 Bg7 23. Bc3 Nd6 24. b3 e5 25. fxe5 fxe5 1/2-1/2

[Event "Barcelona Sant Marti op-A 14th"]
[Site "Barcelona"]
[Date "2012.07.17"]
[Round "5"]
[White "Gonzalez Perez, Arian"]
[Black "Larduet Despaigne, Carlos"]
[Result "1/2-1/2"]
[WhiteElo "2452"]
[BlackElo "2370"]
[PlyCount "129"]
[EventDate "2012.07.13"]
[EventType "swiss"]
[EventRounds "9"]
[EventCountry "ESP"]
[SourceTitle "CBM 149 Extra"]
[Source "ChessBase"]
[SourceDate "2012.08.24"]
[SourceVersion "1"]
[SourceVersionDate "2012.08.24"]
[SourceQuality "1"]

1. e4 e6 2. d4 d5 3. Nd2 c5 4. exd5 exd5 5. Ngf3 Nc6 6. Bb5 Bd6 7. dxc5 Bxc5 8. 0-0 Nge7 9. Nb3 Bd6 10. Re1 0-0 11. Bg5 Qc7 12. h3 h6 13. Bxe7 Nxe7 14. Bd3 Nc6 15. c3 Rd8 16. Nbd4 Bc5 17. Bc2 Qf4 18. Qd3 g6 19. Rad1 Nxd4 20. Nxd4 Bf5 21. Qe2 Bxc2 22. Qxc2 Re8 23. Nf3 Bb6 24. Qb3 Rad8 25. Rxe8+ Rxe8 26. Qb5 Re6 27. Kf1 Qe4 28. Qd3 Kg7 29. g3 g5 30. Kg2 Qxd3 31. Rxd3 Re2 32. Rd2 Rxd2 33. Nxd2 f5 34. g4 fxg4 35. hxg4 Kf6 36. Nf3 Ke6 37. Kf1 a5 38. Ke2 Ba7 39. a4 Bc5 40. Ne1 Bb6 41. Nd3 Ba7 42. Kd2 Kf6 43. Kc2 Bb6 44. f3 Be3 45. Ne1 Ke5 46. Kd3 Bf2 47. Ng2 b6 48. Ke2 Bc5 49. Kd3 Bf2 50. b4 Bg1 51. bxa5 bxa5 52. Ke2 d4 53. Kd3 dxc3 54. Kxc3 Kd5 55. Ne1 Bd4+ 56. Kd3 Bg7 57. Nc2 Kc5 58. Ne3 Kb4 59. f4 gxf4 60. Nf5 Kxa4 61. Nxg7 Kb3 62. Ne6 a4 63. Nc5+ Kb4 64. Nxa4 Kxa4 65. Ke4 1/2-1/2

[Event "Barcelona Sant Marti op-A 14th"]
[Site "Barcelona"]
[Date "2012.07.14"]
[Round "2"]
[White "Larduet Despaigne, Carlos"]
[Black "Fernandez Aguilar, Francisco"]
[Result "1-0"]
[WhiteElo "2370"]
[BlackElo "1946"]
[PlyCount "49"]
[EventDate "2012.07.13"]
[EventType "swiss"]
[EventRounds "9"]
[EventCountry "ESP"]
[SourceTitle "CBM 149 Extra"]
[Source "ChessBase"]
[SourceDate "2012.08.24"]
[SourceVersion "1"]
[SourceVersionDate "2012.08.24"]
[SourceQuality "1"]

1. e4 e5 2. Nf3 Nc6 3. Bb5 f5 4. exf5 e4 5. Qe2 Qe7 6. Bxc6 dxc6 7. Nd4 Nh6 8. 0-0 Nxf5 9. Nb3 a5 10. a4 Nd6 11. Re1 Bf5 12. Nc3 b6 13. Nd4 Bd7 14. Nxe4 Nxe4 15. Qxe4 Qxe4 16. Rxe4+ Kf7 17. d3 Bd6 18. Bf4 h6 19. Rae1 Rae8 20. Rxe8 Rxe8 21. Rxe8 Bxe8 22. Bxd6 cxd6 23. Nf5 Kf6 24. Nxd6 Bh5 25. f3 1-0

[Event "Barcelona Sants op 12th"]
[Site "Barcelona"]
[Date "2009.08.28"]
[Round "8"]
[White "Larduet Despaigne, Carlos"]
[Black "Pogorelov, Ruslan"]
[Result "1/2-1/2"]
[WhiteElo "2339"]
[BlackElo "2441"]
[PlyCount "41"]
[EventDate "2009.08.21"]
[EventType "swiss"]
[EventRounds "10"]
[EventCountry "ESP"]
[SourceTitle "CBM 131 Extra"]
[Source "ChessBase"]
[SourceDate "2009.09.03"]
[SourceVersion "2"]
[SourceVersionDate "2009.09.16"]
[SourceQuality "1"]

1. e4 c5 2. Nf3 e6 3. d4 cxd4 4. Nxd4 Nc6 5. Nc3 Qc7 6. Be3 a6 7. Qd2 Nf6 8. f3 Bb4 9. 0-0-0 Ne5 10. Nb3 d5 11. Bd4 0-0 12. a3 Bd6 13. Qf2 b5 14. exd5 exd5 15. Bc5 Be6 16. Bxd6 Qxd6 17. Kb1 b4 18. axb4 Qxb4 19. Qd4 Qb8 20. Qf4 Bc8 21. Nd4 1/2-1/2